Lời thú tội muộn màng : Phóng sự xã hội
Nội dung sách giới thiệu những phóng sự xã hội của các nhà báo điều tra như: Ni sư giả - ma chướng thật. Trở lại bán đảo Thanh Đa. Những điều chưa biết về trung tướng Nguyễn Việt Thành...
Spremljeno u:
| Format: | Knjiga |
|---|---|
| Jezik: | Undetermined |
| Izdano: |
Thành phố Hồ Chí Minh
Thanh niên
2005
|
| Teme: | |
| Oznake: |
Dodaj oznaku
Bez oznaka, Budi prvi tko označuje ovaj zapis!
|
| Thư viện lưu trữ: | Trung tâm Học liệu Trường Đại học Cần Thơ |
|---|
| LEADER | 00878nam a2200205Ia 4500 | ||
|---|---|---|---|
| 001 | CTU_228436 | ||
| 008 | 210402s9999 xx 000 0 und d | ||
| 020 | |c 12000 | ||
| 082 | |a 070.4 | ||
| 082 | |b L462 | ||
| 245 | 0 | |a Lời thú tội muộn màng : | |
| 245 | 0 | |b Phóng sự xã hội | |
| 245 | 0 | |c Hoàng Dương ... [et al.] | |
| 260 | |a Thành phố Hồ Chí Minh | ||
| 260 | |b Thanh niên | ||
| 260 | |c 2005 | ||
| 520 | |a Nội dung sách giới thiệu những phóng sự xã hội của các nhà báo điều tra như: Ni sư giả - ma chướng thật. Trở lại bán đảo Thanh Đa. Những điều chưa biết về trung tướng Nguyễn Việt Thành... | ||
| 650 | |a Nghề làm báo,Journalism | ||
| 910 | |b dqhieu | ||
| 980 | |a Trung tâm Học liệu Trường Đại học Cần Thơ | ||